| 000 | 01651 am a2200433 a 4500 | ||
|---|---|---|---|
| 005 | 20240627114130.0 | ||
| 008 | 100518s1986||||ck d f |||| 001 0 spa d | ||
| 020 | _aS/N | ||
| 041 | _aspa | ||
| 092 |
_c616.2 _l73 _sRES |
||
| 100 | 1 |
_aRestrepo Molina, Jorge. _9598 |
|
| 245 |
_aFundamentos de Medicina. _bNeumología / _cJorge Restrepo Molina |
||
| 250 | _a3a ed. | ||
| 260 |
_aMedellin [Colombia]: _bCIB Corporación para investigaciones biológicas; _c1986. |
||
| 300 | _a646 p. | ||
| 500 | _aRestrepo Molina, J. y Maldonado Gómez, D. (1986). Fundamentos de Medicina. Neumología. (3a ed.). Medellin : CIB Corporación para investigaciones biológicas. | ||
| 653 | _aMorfología del sistema pulmonar | ||
| 653 | _aFisiología pulmonar | ||
| 653 | _aPaciente con enfermedad respiratoria y procedimientos diagnósticos | ||
| 653 | _aEnfermedad pulmonar obstructiva crónica (EPOC) | ||
| 653 | _aDisfunción de las vías aéreas terminales (VAT) | ||
| 653 | _aAsma | ||
| 653 | _aEnfermedad pulmonar intersticial difusa (EPID) | ||
| 653 | _aTrastornos circulatorios del pulmón | ||
| 653 | _aInsuficiencia respiratoria aguda | ||
| 653 | _aEnfermedades de los bronqios, traquea y laringe | ||
| 653 | _aTumores del pulmón | ||
| 653 | _aEnfermedades de la pleura | ||
| 653 | _aEnfermedades del mediastino y del diafragma | ||
| 653 | _aEnfermedades producidas por micobacterias | ||
| 653 | _aMicosis pulmonares | ||
| 653 | _aNeumonias | ||
| 653 | _aInmunosupresión y neumonia | ||
| 653 | _aTerapia respiratoria | ||
| 700 | 1 |
_aMaldonado Gómez, Dario. _9599 |
|
| 930 | _a272 | ||
| 930 | _a2107 | ||
| 942 |
_2ddc _cBK |
||
| 999 |
_c324 _d324 |
||